New Zealand City Quiz - Statistics

General Stats
  • This quiz has been taken 54 times
  • The average score is 5 of 7
Answer Stats
City % Correct
Auckland
100%
Wellington
100%
Christchurch
93%
Hamilton
81%
Dunedin
79%
Tauranga
57%
Lower Hutt
26%
No matching quizzes found
Score Distribution
Percent of People with Each Score
Percentile by Number Answered
Your Score History
You have not taken this quiz